| 000 | 00413nam a22001817a 4500 | ||
|---|---|---|---|
| 003 | OSt | ||
| 005 | 20260407122222.0 | ||
| 008 | 260407b |||||||| |||| 00| 0 eng d | ||
| 020 | _a9789349286016 | ||
| 082 |
_a8H1.4337 _bKAUA |
||
| 100 | _aKaul, Manav | ||
| 245 | _aKautuk | ||
| 260 |
_aNew Delhi _bJugnu prakashan _c2026 |
||
| 300 | _a103p | ||
| 546 | _aHindi | ||
| 650 | _aHindi Literature | ||
| 942 |
_2ddc _cBK |
||
| 999 |
_c3988 _d3988 |
||